| 000 | 00923cam a22001811 4500 | ||
|---|---|---|---|
| 082 |
_a940.4 _bMEM |
||
| 100 | 1 |
_aAsquith, H. H. _949629 |
|
| 245 | 1 | 0 |
_aMemories and reflections, 1852-1927, _cby the Earl of Oxford and Asquith, K.G. ... |
| 260 |
_aBoston, _bLittle, Brown, and Company, _c1928. |
||
| 300 |
_a2 v. _bfronts., illus., ports., fold. map, facsims. _c25 cm. |
||
| 500 | _aThe responsibility for the arrangement of the last third of this book and the final revision of the whole has been borne by the executors. The work has been carried out by Mr. Alexander Mackintosh, who assisted Lord Oxford throughout the preparation of the book. cf. Note by Lord Oxford's executors. | ||
| 526 |
_a0 _b0 _c0 _d940_400000000000000_MEM |
||
| 650 | 0 |
_aMCE _9379 |
|
| 650 | 0 |
_aStatesmen _zGreat Britain _949630 |
|
| 650 | 0 |
_aWorld War, 1914-1918 _zGreat Britain. _949303 |
|
| 700 | 1 |
_aMackintosh, Alexander, _949631 |
|
| 942 |
_2ddc _cBK |
||
| 999 |
_c552414 _d552414 |
||